00954nam a2200169Ia 4500003000900000005001700009008004100026040003100067040001300098041000800111100002100119245013500140260003400275300001800309490002300327520043400350IT-RoPAU20220918175732.0120407s9999 xx 000 0 und d aIT-RoPAUc20130624091139.0 cIT-RoPAU aita aCruciani Palmina aStoria e teologia biblico-liturgica dei testi del formulario della Messa in onore di Maria Regina degli ApostolibTesi di Licenza. aRomabAteneo S. Anselmoc1984 a182 p.c30 cm aP. Ist. Lit. Roma  aIndice Introduzione Bibliografia 1. Sigle e abbreviazioni 2. Fonti 3. Studi Capitolo I - Introduzione storica Capitolo II - Il formulario della Messa in onore di Maria Regina degli Apostoli: testo del 1980 1. L'eucologia 2. Testi biblici 3. Canti 4. Testi intermedi: 1915-1943 Capitolo III - Testo del 1973-1983 in uso presso la Famiglia Paolina 1. Eucologia 2. Liturgia della Parola 3. canti Conclusione Note Appendice Indice